000 01454 a2200325 4500
003 OSt
005 20180116192324.0
008 120208t xxu||||| |||| 00| 0 eng d
010 _a 97031842
020 _a0070170274
040 _c0
082 0 0 _a712.0218
245 0 0 _aTime-saver standards for landscape architecture :
_bdesign and construction data /
_cco-editors, Charles W. Harris, Nicholas T. Dines ; assistant editor, Kyle D. Brown.
250 _a2nd ed.
260 _aNew York :
_bMcGraw-Hill,
_c1998.
300 _a1 v. (various pagings) :
_bill. ;
_c29 cm.
650 0 _aLandscape architecture
_xStandards
_xHandbooks, manuals, etc.
_95868
650 0 _aConstruction industry
_xStandards
_xHandbooks, manuals, etc.
_95869
650 0 _aLandscape architecture
_xHandbooks, manuals, etc.
_95870
650 0 _aBuilding
_xHandbooks, manuals, etc.
_95871
700 1 _aHarris, Charles W.
_95872
700 1 _aDines, Nicholas T.
_95873
700 1 _aBrown, Kyle D.
_95874
856 4 2 _3Contributor biographical information
_uhttp://www.loc.gov/catdir/bios/mh041/97031842.html
856 4 2 _3Publisher description
_uhttp://www.loc.gov/catdir/description/mh023/97031842.html
856 4 2 _3Table of contents
_uhttp://www.loc.gov/catdir/toc/mh022/97031842.html
942 _aSADA
_cBK
_kREF 712.0218 TIM 1998
_2ddc
999 _c352139
_d352139